000 00508nab a2200145Ia 4500
003 ES-SlBCS
005 20210601134628.0
008 140529s1996 xxu||||| |||| 00| 0 spa d
041 _aspa
100 1 _aVallalta Martínez, Pilar
_9220566
245 0 0 _aInforme sobre la restauración de varios objetos arqueológicos procedentes de Baños de Fortuna
_c Pilar Villalta Martínez
651 4 _aCueva Negra
_9220668
773 0 _tAntigüedad y Cristianismo
_gnº. 13, 1996, págs. 543-546
_wRev1032
942 _cAR
999 _c615543
_d615543